000 00916nam a2200241 i 4500
001 26979
003 ES-MaACL
005 20250816063224.0
007 t|
008 030113s1900 fr ||||1| fre d
100 1 _aAshley, William James.
_923605
245 1 0 _aHistoire et doctrines economiques de l'Angleterre /
_cpar William James Ashley.
260 _aParís :
_bV. Giard et E. Brière,
_c1900 (
_fImp. Destenay)
300 _a2 v. .(276, 577 p.) ;
_c23 cm.
490 1 _aBibliothèque internationale d'économie politique
505 8 _aContiene: I. Le moyen âge; tr. par P. Bondois. - II. La fin du moyen âge; tr. par S. Bouyssy
650 0 4 _aEconomía-
_vHistoria.
_912012
700 1 _aBondois, Paul.
_9126060
700 1 _aBouyssy, Savinien.
_931097
830 0 0 _aBibliothèque internationale d'économie politique
_9181587
852 _aES-MaACL
_jF-14122-23
999 _c26979
_d26979